Entre três mundos (Record no. 192284)

MARC details
000 -LÍDER
campo de controle de tamanho fixo 00335 a2200157 4500
001 - NÚMERO DE CONTROLE
campo de controle 192284
020 ## - ISBN - INTERNATIONAL STANDARD BOOK NUMBER
ISBN - International Standard Book Number 978-85-8425-186-5
040 ## - FONTE DA CATALOGAÇÃO
Instituição que transcreveu o registro Magnum
100 ## - ENTRADA PRINCIPAL--NOME PESSOAL
Nome pessoal Rocha, Lavínia
240 10 - TÍTULO UNIFORME
Título uniforme Entre três mundos
Idioma da obra por
245 10 - TÍTULO
Título Entre três mundos
300 ## - DESCRIÇÃO FÍSICA
Extensão 218
362 0# - DATAS DE PUBLICAÇÃO E/OU DESIGNAÇÃO SEQUENCIAL
Datas de publicação e/ou designação sequencial 2015
697 ## - ENTRADA DE ASSUNTO LOCAL--ENTIDADE COLETIVA (RLIN)
Nome corporativo ou nome da jurisdição LITERATURA JUVENIL
942 ## - ELEMENTOS DE ENTRADA ADICIONADOS (KOHA)
Tipo de material Koha Livros
Holdings
Situação do descarte Situação das perdas Situação física Não pode ser emprestado Biblioteca de origem Biblioteca atual Data de aquisição Total de empréstimos Número de chamada completo Código de barras Data de último acesso Data do preço efetivo Tipo de material Koha
        Magnum Magnum 08/06/2024   869.3.1010 MAG00070298 08/06/2024 08/06/2024 Livros
        Magnum Magnum 08/06/2024   869.3.1010 MAG00070299 08/06/2024 08/06/2024 Livros
        Magnum Magnum 08/06/2024   869.3.1010 MAG00070300 08/06/2024 08/06/2024 Livros
        Magnum Magnum 08/06/2024   869.3.1010 MAG00070301 08/06/2024 08/06/2024 Livros
        Magnum Magnum 08/06/2024   869.3.1010 MAG00070302 08/06/2024 08/06/2024 Livros
        Magnum Magnum 08/06/2024   869.3.1010 MAG00070303 08/06/2024 08/06/2024 Livros
        Magnum Magnum 08/06/2024   869.3.1010 MAG00070304 08/06/2024 08/06/2024 Livros
        Magnum Magnum 08/06/2024   869.3.1010 MAG00070305 08/06/2024 08/06/2024 Livros
        Magnum Magnum 08/06/2024   869.3.1010 MAG00070306 08/06/2024 08/06/2024 Livros
        Magnum Magnum 08/06/2024   869.3.1010 MAG00070307 08/06/2024 08/06/2024 Livros
        Magnum Magnum 08/06/2024   869.3.1010 MAG00070308 08/06/2024 08/06/2024 Livros